| 000 | 01197nam a2200337Ia 4500 | ||
|---|---|---|---|
| 003 | OSt | ||
| 005 | 20221007124427.0 | ||
| 006 | a|||||r|||| 00| 0 | ||
| 007 | ta | ||
| 008 | 221006b |||||||| |||| 00| 0 eng d | ||
| 020 | _a047186255X (pbk) | ||
| 024 | _a186060 | ||
| 037 |
_b34, 01/07/2012, Dhanraj Book House _cTextual |
||
| 040 |
_aCDL _cCDL _beng |
||
| 041 |
_2eng _aeng |
||
| 082 | _aE:296, M1;1-;5 Carc | ||
| 100 |
_aFriedlander Gerhart _9719194 |
||
| 245 | 0 |
_aNuclear and radiochemistry _b Kennedy Joseph W Macias Edward S Miller Julian Malcolm |
|
| 250 | _a3 | ||
| 260 |
_aNew _bYork Wiley _c1981 |
||
| 300 |
_axiii,684p. _ccm. |
||
| 500 | _aInclude bibliographical references.; Name indwx 665-668p.; Subject index 669-684p. | ||
| 650 | _a Nuclear chemistry | ||
| 650 |
_a Radiochemistry _9719195 |
||
| 650 | _aChemistry | ||
| 700 |
_a Kennedy Joseph W _9719196 |
||
| 700 |
_a Macias Edward S _9719197 |
||
| 700 |
_a Miller Julian Malcolm _9719198 |
||
| 942 |
_hE:296, M1;1-;5 Carc _cTEXL _2CC |
||
| 999 |
_c1213514 _d1213514 |
||